| 000 | 00552nam a22001937a 4500 | ||
|---|---|---|---|
| 003 | BD-DhJNU | ||
| 005 | 20260104042709.0 | ||
| 008 | 260104b |||||||| |||| 00| 0 eng d | ||
| 020 | _a9783161484105 | ||
| 040 |
_aBD-DhJNU _bENG _cBD-DhJNU _dBD-DhJNU |
||
| 082 |
_223 _a346.5492 HAT |
||
| 100 | _aHasan, Mohammad Ikbal | ||
| 245 |
_aA textbook on land law / _cMohammad Ikbal Hasan |
||
| 250 | _a2nd ed. | ||
| 260 |
_aDhaka : _bSui Turis, _c2018. |
||
| 300 |
_a[32], 656p. : _bill. ; _c21 cm. |
||
| 650 |
_aLand Law _vBangladesh |
||
| 942 |
_2ddc _cBK _n0 |
||
| 999 |
_c2479 _d2479 |
||